书目信息 |
| 题名: |
梦想, 从这里起航
|
|
| 作者: | 赵丹 , 刘裕敏 , 李书舟 主编 | |
| 分册: | ||
| 出版信息: | 北京 北京理工大学出版社 2017 |
|
| 页数: | 133页, [8] 页图版 | |
| 开本: | 24cm | |
| 丛书名: | ||
| 单 册: | ||
| 中图分类: | G719.286.43 , G715-62 | |
| 科图分类: | ||
| 主题词: | 大学生--da xue sheng--学生生活--湖南电气职业技术学院--指南 | |
| 电子资源: | ||
| ISBN: | 978-7-5682-4661-3 | |
| 000 | 01212nam0 2200313 450 | |
| 001 | 012001002279 | |
| 005 | 20130122155626.0 | |
| 010 | @a978-7-5682-4661-3@dCNY32.00 | |
| 099 | @aCAL 012017179074 | |
| 100 | @a20171214d2017 em y0chiy50 ea | |
| 101 | 0 | @achi |
| 102 | @aCN@b110000 | |
| 105 | @aabfkz 000yy | |
| 106 | @ar | |
| 200 | 1 | @a梦想, 从这里起航@Ameng xiang , cong zhe li qi hang@e大学学习生活指南@f主编赵丹, 刘裕敏, 李书舟 |
| 210 | @a北京@c北京理工大学出版社@d2017 | |
| 215 | @a133页, [8] 页图版@c图 (部分彩图), 地图@d24cm | |
| 330 | @a本书分为温暖·电气、成长·电气、活力·电气和腾飞·电气四编,主要内容包括校园认知;心理健康;规章制度;学院四大活动月;大学里的学生组织;竞赛;评优评奖制度等。 | |
| 333 | @a高校大学生 | |
| 517 | 1 | @a大学学习生活指南@Ada xue xue xi sheng huo zhi nan |
| 601 | 02 | @a湖南电气职业技术学院@Ahu nan dian qi zhi ye ji shu xue yuan@x概况 |
| 606 | 0 | @a大学生@Ada xue sheng@x学生生活@y湖南电气职业技术学院@j指南 |
| 690 | @aG719.286.43@v5 | |
| 690 | @aG715-62@v5 | |
| 701 | 0 | @a赵丹@Azhao dan@4主编 |
| 701 | 0 | @a刘裕敏@Aliu yu min@4主编 |
| 701 | 0 | @a李书舟@Ali shu zhou@4主编 |
| 801 | 2 | @aCN@b江苏凤凰@c20191020 |
| 905 | @b1215400-2@dG719.286.43@e52@f3 | |
| 梦想, 从这里起航:大学学习生活指南/主编赵丹, 刘裕敏, 李书舟.-北京:北京理工大学出版社,2017 |
| 133页, [8] 页图版:图 (部分彩图), 地图;24cm |
| 使用对象:高校大学生 |
| ISBN 978-7-5682-4661-3:CNY32.00 |
| 本书分为温暖·电气、成长·电气、活力·电气和腾飞·电气四编,主要内容包括校园认知;心理健康;规章制度;学院四大活动月;大学里的学生组织;竞赛;评优评奖制度等。 |
| ● |
| 相关链接 |
|
|
|
|
正题名:梦想, 从这里起航
索取号:G719.286.43/52
 
预约/预借
| 序号 | 登录号 | 条形码 | 馆藏地/架位号 | 状态 | 备注 |
| 1 | 1215400 | 212154005 | 第一样本阅览室/ [索取号:G719.286.43/52] | 在馆 | |
| 2 | 1215401 | 212154014 | 教育系资料室/ [索取号:G719.286.43/52] | 在馆 | |
| 3 | 1215402 | 212154023 | 第四借阅区/ [索取号:G719.286.43/52] | 在馆 |